LEADER 02673nam 2200349 450 001 9910137365203321 005 20231206213740.0 010 $a1-5044-0581-1 024 7 $a10.1109/IEEESTD.2015.7358449 035 $a(CKB)3710000000553805 035 $a(NjHacI)993710000000553805 035 $a(EXLCZ)993710000000553805 100 $a20231206d2015 uy 0 101 0 $aeng 135 $aur||||||||||| 181 $ctxt$2rdacontent 182 $cc$2rdamedia 183 $acr$2rdacarrier 200 10$aIEC 63004 Edition 1.0 2015-12 IEEE Std 1505 $eIEC/IEEE International standard for receiver fixture interface /$fInstitute of Electrical and Electronics Engineers 210 1$aPiscataway, New Jersey :$cIEEE,$d2015. 215 $a1 online resource (161 pages) 330 $aA mechanical and electrical specification for implementing a common interoperable mechanical quick-disconnect interconnect system for use by industry for interfacing large numbers of electrical signals (digital, analog, RF, power, etc.) is provided. These large interface panels (receiver and fixture panels) are employed primarily in test systems between stimulus/measurement assets and a related unit-under-test (UUT), although any application involving high-density contacts requiring a quick disconnect interface could benefit. The receiver is a receptacle that is mounted to test system mates with multiple fixtures, which serve as thebuffer between the UUT and automatic test equipment (ATE). Fixtures translate standard input/output (I/O) signal routing offered at the receiver to a wiring interface that directly connects to the UUT. These UUT interfaces can represent cable connectors, direct plug-in (printed circuit board edge connectors), sensor monitoring, or manual feedback from the test technician.The primary objectives of this standard are: (a) to establish interface standards that permit interchangeability of mechanical/electrical receiver/fixture/connector product assemblies from various manufacturers under an open architecture; and (b) to develop within this framework a defined set(s) of interconnecting connector and mechanical specifications that supports available, accepted, low-cost commercial technology to reduced dependence on proprietary designs and extend life-cycle availability. 517 $aIEC 63004 Edition 1.0 2015-12 IEEE Std 1505 606 $aInternetworking (Telecommunication) 615 0$aInternetworking (Telecommunication) 676 $a363.340284 801 0$bNjHacI 801 1$bNjHacl 906 $aDOCUMENT 912 $a9910137365203321 996 $aIEC 63004 Edition 1.0 2015-12 IEEE Std 1505$93646210 997 $aUNINA LEADER 02783nam 2200745 a 450 001 9910785809903321 005 20230617034106.0 010 $a3-11-094497-9 024 7 $a10.1515/9783110944976 035 $a(CKB)2670000000255874 035 $a(EBL)938506 035 $a(OCoLC)843635762 035 $a(SSID)ssj0000560050 035 $a(PQKBManifestationID)12186673 035 $a(PQKBTitleCode)TC0000560050 035 $a(PQKBWorkID)10569228 035 $a(PQKB)10334455 035 $a(MiAaPQ)EBC938506 035 $a(DE-B1597)57165 035 $a(OCoLC)979590782 035 $a(DE-B1597)9783110944976 035 $a(Au-PeEL)EBL938506 035 $a(CaPaEBR)ebr10591537 035 $a(EXLCZ)992670000000255874 100 $a20030411d2003 uy 0 101 0 $aeng 135 $aurcn||||||||| 181 $ctxt 182 $cc 183 $acr 200 10$aNonclassical linear Volterra equations of the first kind$b[electronic resource] /$fA.S. Apartsyn 205 $aReprint 2010 210 $aUtrecht ;$aBoston $cVSP$d2003 215 $a1 online resource (176 p.) 225 0 $aInverse and ill-posed problems series,$x1381-4524 225 0 $aInverse and Ill-Posed Problems Series ;$v39 300 $aDescription based upon print version of record. 311 0 $a3-11-061993-8 311 0 $a90-6764-375-0 320 $aIncludes bibliographical references (p. [153]-165) and index. 327 $tFront matter --$tIntroduction --$tChapter 1. Classical Volterra equations of the first kind --$tChapter 2. Volterra equations of the first kind with two variable integration limits. The case a(t0) < t0 --$tChapter 3. Volterra equations of the first kind with two variable limits of integration. The case a(t0) = t0 --$tBibliography --$tIndex 330 $aThis monograph deals with linear integra Volterra equations of the first kind with variable upper and lower limits of integration. Volterra operators of this type are the basic operators for integral models of dynamic systems. 410 0$aInverse and Ill-Posed Problems Series 606 $aVolterra equations 610 $aComputational Mathematics. 610 $aDynamic Systems. 610 $aFirst Kind. 610 $aIntegra. 610 $aIntegral Models. 610 $aIntegration. 610 $aLimits. 610 $aLinear. 610 $aVolterra Equations. 610 $aVolterra Operators. 615 0$aVolterra equations. 676 $a515/.45 686 $aSK 640$qSEPA$2rvk 700 $aApart?sin$b A. S$01551011 801 0$bMiAaPQ 801 1$bMiAaPQ 801 2$bMiAaPQ 906 $aBOOK 912 $a9910785809903321 996 $aNonclassical linear Volterra equations of the first kind$93810291 997 $aUNINA